| 000 | 00530nam a2200169Ia 4500 | ||
|---|---|---|---|
| 008 | 140609s9999 xx 000 0 und d | ||
| 020 | _a9781412978064 | ||
| 050 |
_aLB 1731 _b.J851 2010 |
||
| 100 | _aJoyce, Bruce R. | ||
| 245 |
_aModels of professional development : _ba celebration of educators / _cBruce R. Joyce, |
||
| 260 |
_aCalifornia : _bCorwin Press, _cc2010. |
||
| 300 |
_a149 p. : _bill. ; _c26 cm. |
||
| 500 | _aIncludes bibliographical references and index. | ||
| 521 | _aGE | ||
| 942 |
_kFOR _cBK |
||
| 999 |
_c118130 _d118130 |
||